[Event "Titled Tuesday intern op 06th Feb Late"]
[Site "Chess.com INT"]
[Date "2024.02.06"]
[Round "9"]
[White "Acosta Cruz, Oscar Yosimar"]
[Black "Dovbnia, Nikita"]
[Result "1-0"]
[WhiteElo "2098"]
[BlackElo "1941"]
[PlyCount "57"]
[EventDate "2024.02.06"]
[EventType "swiss (blitz)"]
[EventRounds "11"]
[EventCountry "USA"]
[SourceTitle "CB07_2024"]
[SourceDate "2024.02.14"]
[SourceVersion "1"]
[SourceVersionDate "2024.02.14"]
[SourceQuality "1"]

1. d4 Nf6 2. c4 e6 3. Nc3 Bb4 4. Qc2 d5 5. Bg5 c5 6. e3 h6 7. Bh4 cxd4 8. exd4 dxc4 9. Nf3 0-0 10. a3 Be7 11. Bxc4 b6 12. Rd1 Bb7 13. Be2 Nc6 14. 0-0 Nh5 15. Bxe7 Nxe7 16. Qd2 Nf6 17. Ne5 Ned5 18. Bd3 Rc8 19. f4 Nxc3 20. bxc3 Qd6 21. f5 Qxa3 22. fxe6 fxe6 23. c4 Rfd8 24. Rxf6 gxf6 25. Qxh6 Qe7 26. Ng4 Rf8 27. Qg6+ Qg7 28. Qh5 Qg5 29. Qh7# 1-0

[Event "Titled Tuesday intern op 06th Feb Late"]
[Site "Chess.com INT"]
[Date "2024.02.06"]
[Round "11"]
[White "Chemin, Vitorio"]
[Black "Dovbnia, Nikita"]
[Result "1-0"]
[WhiteElo "2131"]
[BlackElo "1941"]
[PlyCount "49"]
[EventDate "2024.02.06"]
[EventType "swiss (blitz)"]
[EventRounds "11"]
[EventCountry "USA"]
[SourceTitle "CB07_2024"]
[SourceDate "2024.02.14"]
[SourceVersion "1"]
[SourceVersionDate "2024.02.14"]
[SourceQuality "1"]

1. d4 Nf6 2. Nf3 d5 3. c4 e6 4. Nc3 Nbd7 5. e3 Be7 6. Bd3 0-0 7. h4 c5 8. g4 cxd4 9. exd4 dxc4 10. Bxc4 Nb6 11. Bd3 Nfd5 12. Qe2 Nxc3 13. bxc3 Nd5 14. Bd2 b6 15. h5 Bb7 16. Qe4 g6 17. hxg6 hxg6 18. g5 Kg7 19. Qe5+ f6 20. Qe4 Qe8 21. Rh6 Nf4 22. Qxf4 fxg5 23. Qh2 Rxf3 24. Rh7+ Kf6 25. Qe5# 1-0

[Event "Titled Tuesday intern op 06th Feb Early"]
[Site "Chess.com INT"]
[Date "2024.02.06"]
[Round "1"]
[White "Dovbnia, Nikita"]
[Black "Buksa, Nataliya"]
[Result "1-0"]
[WhiteElo "1941"]
[BlackElo "2388"]
[PlyCount "125"]
[EventDate "2024.02.06"]
[EventType "swiss (blitz)"]
[EventRounds "11"]
[EventCountry "USA"]
[SourceTitle "CB07_2024"]
[SourceDate "2024.02.14"]
[SourceVersion "1"]
[SourceVersionDate "2024.02.14"]
[SourceQuality "1"]

1. e4 c5 2. Nc3 Nc6 3. Nge2 e5 4. g3 g6 5. Bg2 Bg7 6. 0-0 Nge7 7. d3 0-0 8. f4 d6 9. h3 Rb8 10. g4 f5 11. gxf5 gxf5 12. fxe5 Bxe5 13. Bf4 Bg7 14. Qe1 Ng6 15. Bh2 Nd4 16. Nxd4 Bxd4+ 17. Kh1 f4 18. Rb1 Be5 19. Nd5 Nh4 20. Bxf4 Bxf4 21. Rxf4 Nxg2 22. Qg3+ Kh8 23. Rxf8+ Qxf8 24. Qxg2 Qh6 25. Kh2 Be6 26. Rf1 Rg8 27. Qf3 Bxd5 28. exd5 Qg7 29. Qf6 b5 30. Qxg7+ Kxg7 31. Rg1+ Kf7 32. Rxg8 Kxg8 33. Kg3 Kg7 34. c4 Kf6 35. Kf4 bxc4 36. dxc4 a5 37. h4 h5 38. b3 Kg6 39. a3 Kf6 40. Ke4 Kg6 41. Kd3 Kf5 42. Kc3 Kg4 43. b4 cxb4+ 44. axb4 axb4+ 45. Kxb4 Kxh4 46. c5 dxc5+ 47. Kxc5 Kg3 48. d6 h4 49. d7 h3 50. d8Q Kg2 51. Qd2+ Kg1 52. Qe1+ Kg2 53. Qe2+ Kg1 54. Qg4+ Kh2 55. Kd4 Kh1 56. Qf3+ Kh2 57. Ke3 Kg1 58. Qg3+ Kh1 59. Qxh3+ Kg1 60. Qg3+ Kh1 61. Qg6 Kh2 62. Kf3 Kh1 63. Qg2# 1-0

[Event "Titled Tuesday intern op 06th Feb Early"]
[Site "Chess.com INT"]
[Date "2024.02.06"]
[Round "3"]
[White "Dovbnia, Nikita"]
[Black "Cordoba Roa, Angel Gabriel"]
[Result "1-0"]
[WhiteElo "1941"]
[BlackElo "2312"]
[PlyCount "59"]
[EventDate "2024.02.06"]
[EventType "swiss (blitz)"]
[EventRounds "11"]
[EventCountry "USA"]
[SourceTitle "CB07_2024"]
[SourceDate "2024.02.14"]
[SourceVersion "1"]
[SourceVersionDate "2024.02.14"]
[SourceQuality "1"]

1. e4 e5 2. Bc4 Nf6 3. d3 Bc5 4. Nf3 Nc6 5. 0-0 0-0 6. c3 d6 7. Nbd2 a5 8. h3 Ba7 9. Re1 Ne7 10. Nf1 Ng6 11. Bb3 c6 12. Ng3 d5 13. exd5 Nxd5 14. d4 exd4 15. Nxd4 Be6 16. Bc2 Ndf4 17. Re4 Nd5 18. Qf3 Nf6 19. Nxe6 fxe6 20. Rxe6 Nd5 21. Nf5 Nh4 22. Qh5 Rxf5 23. Bxf5 g6 24. Bxg6 hxg6 25. Qg4 Kf7 26. Bg5 Qd7 27. Rae1 Nf5 28. c4 Nb4 29. Rf6+ Kg7 30. Ree6 1-0

[Event "Titled Tuesday intern op 06th Feb Late"]
[Site "Chess.com INT"]
[Date "2024.02.06"]
[Round "3"]
[White "Dovbnia, Nikita"]
[Black "Drygalov, Andrey"]
[Result "0-1"]
[WhiteElo "1941"]
[BlackElo "2475"]
[PlyCount "58"]
[EventDate "2024.02.06"]
[EventType "swiss (blitz)"]
[EventRounds "11"]
[EventCountry "USA"]
[SourceTitle "CB07_2024"]
[SourceDate "2024.02.14"]
[SourceVersion "1"]
[SourceVersionDate "2024.02.14"]
[SourceQuality "1"]

1. d4 Nf6 2. c4 e6 3. Nc3 Bb4 4. f3 d5 5. a3 Be7 6. e4 dxc4 7. Bxc4 c5 8. d5 exd5 9. exd5 0-0 10. Bf4 Bd6 11. Bg5 h6 12. Bh4 Nbd7 13. Nb5 Be5 14. Ne2 a6 15. Nbc3 b5 16. Ba2 Qc7 17. Rc1 Re8 18. Bg3 Bxg3+ 19. hxg3 Qxg3+ 20. Kf1 Qe5 21. Qd2 Bb7 22. Rd1 Rad8 23. Rh4 Nb6 24. d6 c4 25. Bb1 Nbd7 26. Kf2 Nc5 27. Ng3 Nb3 28. Qc2 Rxd6 29. Rxd6 Qe1# 0-1

[Event "Titled Tuesday intern op 06th Feb Early"]
[Site "Chess.com INT"]
[Date "2024.02.06"]
[Round "7"]
[White "Kushko, Dmitriy"]
[Black "Dovbnia, Nikita"]
[Result "1-0"]
[WhiteElo "2445"]
[BlackElo "1941"]
[PlyCount "53"]
[EventDate "2024.02.06"]
[EventType "swiss (blitz)"]
[EventRounds "11"]
[EventCountry "USA"]
[SourceTitle "CB07_2024"]
[SourceDate "2024.02.14"]
[SourceVersion "1"]
[SourceVersionDate "2024.02.14"]
[SourceQuality "1"]

1. f4 e5 2. fxe5 d6 3. exd6 Bxd6 4. Nf3 g5 5. g3 Nc6 6. Nc3 h5 7. Ne4 Be7 8. Bg2 Bf5 9. d3 Bxe4 10. dxe4 Qxd1+ 11. Kxd1 0-0-0+ 12. Bd2 g4 13. Ne1 Nf6 14. Nd3 Rhe8 15. Rf1 h4 16. gxh4 Nd4 17. c3 Ne6 18. Kc2 Nh5 19. Be1 Bd6 20. e5 Bc5 21. Rxf7 Bg1 22. Bg3 Nxg3 23. Rxg1 Nxe2 24. Re1 Rxd3 25. Rxe2 Red8 26. Be4 Rd1 27. Bf5 1-0

[Event "Titled Tuesday intern op 06th Feb Late"]
[Site "Chess.com INT"]
[Date "2024.02.06"]
[Round "4"]
[White "Oliveira, Tiago Batista"]
[Black "Dovbnia, Nikita"]
[Result "1-0"]
[WhiteElo "1982"]
[BlackElo "1941"]
[PlyCount "53"]
[EventDate "2024.02.06"]
[EventType "swiss (blitz)"]
[EventRounds "11"]
[EventCountry "USA"]
[SourceTitle "CB07_2024"]
[SourceDate "2024.02.14"]
[SourceVersion "1"]
[SourceVersionDate "2024.02.14"]
[SourceQuality "1"]

1. d4 Nf6 2. c4 e6 3. g3 Bb4+ 4. Bd2 c5 5. Bg2 Qb6 6. Nf3 Nc6 7. dxc5 Bxc5 8. 0-0 Qxb2 9. Bc3 Qb6 10. Bxf6 gxf6 11. Nc3 a6 12. Ne4 Be7 13. Nd6+ Kf8 14. Rb1 Qc7 15. c5 Bxd6 16. cxd6 Qa5 17. e4 b5 18. e5 fxe5 19. Nxe5 Qd8 20. Qh5 Nxe5 21. Bxa8 Qf6 22. f4 Nc4 23. Rbe1 Nxd6 24. f5 Nxf5 25. g4 Qd4+ 26. Kh1 Ng7 27. Qxf7# 1-0

[Event "Titled Tuesday intern op 16th Jan Early"]
[Site "Chess.com INT"]
[Date "2024.01.16"]
[Round "4"]
[White "Rees, Ioan"]
[Black "Dovbnia, Nikita"]
[Result "1-0"]
[WhiteElo "2273"]
[BlackElo "1941"]
[PlyCount "113"]
[EventDate "2024.01.16"]
[EventType "swiss (blitz)"]
[EventRounds "11"]
[EventCountry "USA"]
[SourceTitle "CB04_2024"]
[SourceDate "2023.10.16"]
[SourceVersion "1"]
[SourceVersionDate "2023.10.16"]
[SourceQuality "1"]

1. e4 c5 2. c3 d5 3. exd5 Qxd5 4. Nf3 e6 5. Na3 Nf6 6. Bc4 Qd8 7. d4 Nc6 8. 0-0 cxd4 9. Nb5 a6 10. Nbxd4 Nxd4 11. Qxd4 Qxd4 12. Nxd4 Bc5 13. Rd1 Ke7 14. a4 Rd8 15. Be3 Bd6 16. Re1 Bd7 17. Bg5 Kf8 18. Rad1 Be8 19. a5 Rac8 20. Bxe6 fxe6 21. Nxe6+ Kf7 22. Nxd8+ Rxd8 23. Rd2 Bxh2+ 24. Kxh2 Rxd2 25. Bxd2 Bc6 26. f3 Bd5 27. Bg5 Ng8 28. Kg3 h6 29. Bd8 h5 30. Kf4 Nf6 31. Bxf6 gxf6 32. Rd1 Be6 33. Rd6 Ke7 34. Rb6 Bc8 35. b4 h4 36. c4 Kf7 37. b5 Ke7 38. bxa6 bxa6 39. c5 Kf7 40. Ke4 Ke7 41. Kd5 Bf5 42. Rb7+ Kd8 43. Kd6 Kc8 44. Rf7 Bd3 45. Rxf6 Bf1 46. Rg6 Bd3 47. Rg7 h3 48. c6 Bc4 49. gxh3 Kb8 50. h4 Bd3 51. h5 Bc2 52. h6 Bf5 53. h7 Bxh7 54. Rxh7 Ka8 55. f4 Kb8 56. f5 Kc8 57. Rh8# 1-0

[Event "Ekaterinburg Scerbin Memorial"]
[Site "Ekaterinburg"]
[Date "2024.01.13"]
[Round "3"]
[White "Shimanov, Aleksandr"]
[Black "Dovbnia, Nikita"]
[Result "1-0"]
[WhiteElo "2578"]
[BlackElo "1941"]
[PlyCount "79"]
[EventDate "2024.01.13"]
[EventType "swiss (rapid)"]
[EventRounds "11"]
[EventCountry "RUS"]
[SourceTitle "CB03_2024"]
[SourceDate "2024.01.17"]
[SourceVersion "1"]
[SourceVersionDate "2024.01.17"]
[SourceQuality "1"]

1. c4 e5 2. g3 Nc6 3. Bg2 g6 4. Nc3 Bg7 5. e3 f5 6. Nge2 Nf6 7. 0-0 0-0 8. d3 d6 9. Rb1 a5 10. b3 Ne7 11. Qd2 c6 12. f4 Be6 13. Ba3 Qc7 14. Rbc1 Bf7 15. Rfd1 Rfd8 16. d4 exd4 17. Nxd4 d5 18. c5 Ne4 19. Qc2 Kf8 20. Na4 Kg8 21. Bb2 h6 22. Nf3 Nf6 23. Nb6 Ng4 24. Bxg7 Kxg7 25. Qc3+ Nf6 26. Nxa8 Rxa8 27. a3 Be6 28. b4 Kf7 29. Ne5+ Kg7 30. Rb1 axb4 31. axb4 d4 32. Qxd4 Ned5 33. b5 Ra3 34. bxc6 bxc6 35. Rd3 Ra2 36. Rdb3 Bc8 37. Bxd5 Nxd5 38. Nxc6+ Nf6 39. Nb4 Ra4 40. Qxf6+ 1-0

[Event "Ekaterinburg Scerbin Memorial Blitz"]
[Site "Ekaterinburg"]
[Date "2024.01.12"]
[Round "3"]
[White "Pridorozhni, Aleksei"]
[Black "Dovbnia, Nikita"]
[Result "1-0"]
[WhiteElo "2514"]
[BlackElo "1941"]
[PlyCount "79"]
[EventDate "2024.01.12"]
[EventType "swiss (blitz)"]
[EventRounds "13"]
[EventCountry "RUS"]
[SourceTitle "CB03_2024"]
[SourceDate "2024.01.17"]
[SourceVersion "1"]
[SourceVersionDate "2024.01.17"]
[SourceQuality "1"]

1. e4 c5 2. Nc3 d6 3. Nf3 a6 4. d4 cxd4 5. Nxd4 Nf6 6. Rg1 b5 7. g4 Bb7 8. Bg2 e6 9. g5 Nfd7 10. a3 Nc6 11. Nxc6 Bxc6 12. f4 Qb6 13. Rf1 h6 14. h4 hxg5 15. hxg5 0-0-0 16. Qf3 Bb7 17. Be3 Qc6 18. Qf2 Qc7 19. 0-0-0 Be7 20. Kb1 Kb8 21. Rh1 Nc5 22. Rxh8 Rxh8 23. Qg3 g6 24. f5 Nd7 25. fxe6 fxe6 26. Bh3 Nc5 27. Bg2 Nd7 28. Qg4 Nc5 29. Bxc5 dxc5 30. Qxe6 Bxg5 31. Qxg6 Qe5 32. Nd5 Bd8 33. Bf3 Rf8 34. Bg4 Qg5 35. Qe6 Bxd5 36. Rxd5 Qf6 37. Qc8+ Ka7 38. e5 Qf1+ 39. Rd1 Qg2 40. Rxd8 1-0

[Event "Cheliabinsk Kurnosov Memorial Rapid"]
[Site "Cheliabinsk"]
[Date "2023.09.09"]
[Round "4"]
[White "Volkov, Sergey"]
[Black "Dovbnia, Nikita"]
[Result "1/2-1/2"]
[WhiteElo "2456"]
[BlackElo "2080"]
[PlyCount "251"]
[EventDate "2023.09.08"]
[EventType "swiss (rapid)"]
[EventRounds "11"]
[EventCountry "RUS"]
[SourceTitle "EXT 2024"]
[Source "ChessBase"]
[SourceDate "2023.10.10"]
[SourceVersion "1"]
[SourceVersionDate "2023.10.10"]
[SourceQuality "1"]

1. d4 Nf6 2. c4 e6 3. Nf3 Bb4+ 4. Nbd2 0-0 5. e3 b6 6. Bd3 Bb7 7. 0-0 d5 8. Qe2 Ne4 9. Rd1 Nd7 10. Nf1 Bd6 11. Bd2 Qe7 12. Be1 c5 13. Rac1 Rac8 14. b3 h6 15. Rc2 Rfd8 16. a4 a5 17. h3 Rc7 18. Rdc1 Rdc8 19. cxd5 Bxd5 20. Ba6 Rd8 21. Bc4 Bb7 22. Bb5 Bd5 23. Qd3 Rdc8 24. Bc4 cxd4 25. Bxd5 exd5 26. Rxc7 Rxc7 27. Rxc7 Bxc7 28. Nxd4 Qc5 29. Qd1 Be5 30. Nb5 Ndf6 31. Nh2 Nc3 32. Bxc3 Bxc3 33. Nf3 Ne4 34. g3 Bf6 35. Kg2 g6 36. h4 h5 37. Ne1 Qc6 38. Kg1 Nc5 39. Nd3 Nxd3 40. Qxd3 Qc5 41. Qd1 Kg7 42. Kg2 Be5 43. g4 hxg4 44. Qxg4 Qc2 45. h5 Qe4+ 46. Qxe4 dxe4 47. hxg6 Kxg6 48. Na3 f5 49. Nc4 Bc7 50. f3 exf3+ 51. Kxf3 Kf6 52. e4 fxe4+ 53. Kxe4 Ke6 54. Kd4 Bh2 55. Nd2 Kd6 56. Kc4 Kc6 57. Nf3 Bg3 58. Nd4+ Kb7 59. Kd5 Bh2 60. Nb5 Bg3 61. Nd4 Bh2 62. Ke6 Bg1 63. Nf3 Be3 64. Kd6 Bf4+ 65. Kd5 Kc7 66. Nd4 Bh2 67. Ke6 Bg1 68. Ne2 Bc5 69. Kd5 Bf2 70. Nf4 Bg3 71. Ne6+ Kd7 72. Nd4 Kc7 73. Kc4 Bf2 74. Nf3 Kc6 75. Ne5+ Kb7 76. Kd5 Bg3 77. Nf7 Kc7 78. Ng5 Kb7 79. Ne4 Bh2 80. Nf6 Kc7 81. Ng4 Bg3 82. Ne3 Bh2 83. Nf5 Kd7 84. Kc4 Kc6 85. Ne7+ Kd6 86. Nf5+ Kc6 87. Nd4+ Kb7 88. Kd5 Kc7 89. Kc4 Kb7 90. Kb5 Be5 91. Nf5 Bf4 92. Ne7 Bh2 93. Kc4 Kc7 94. Kd5 Kd7 95. Nf5 Kc7 96. Nd4 Kb7 97. Ne2 Kc7 98. Nc3 Kb7 99. Ne4 Kc7 100. Nf6 Kb7 101. Ng4 Bg3 102. Ne3 Bh2 103. Kc4 Kc6 104. Nf5 Bg1 105. Ne7+ Kd7 106. Ng6 Kc6 107. Ne5+ Kb7 108. Nf3 Bf2 109. Kb5 Be3 110. Ne5 Bg1 111. Nc4 Bf2 112. Nd6+ Kc7 113. Ne4 Bd4 114. Ng3 Kb7 115. Nf5 Bg1 116. Ne7 Bc5 117. Nc6 Bg1 118. Nd8+ Kc7 119. Nf7 Kb7 120. Nd6+ Kc7 121. Nc4 Kb7 122. Ne5 Bc5 123. Kc4 Bd6 124. Nf3 Bg3 125. Kd5 Kc7 126. Nd4 1/2-1/2

[Event "Ekaterinburg Rapid op"]
[Site "Ekaterinburg"]
[Date "2023.08.12"]
[Round "10"]
[White "Garifullina, Leya"]
[Black "Dovbnia, Nikita"]
[Result "1/2-1/2"]
[WhiteElo "2411"]
[BlackElo "2080"]
[PlyCount "98"]
[EventDate "2023.08.11"]
[EventType "swiss (rapid)"]
[EventRounds "11"]
[EventCountry "RUS"]
[SourceTitle "CBM 215 Extra"]
[Source "ChessBase"]
[SourceDate "2023.09.30"]
[SourceVersion "1"]
[SourceVersionDate "2023.09.30"]
[SourceQuality "1"]

1. e4 c5 2. Nf3 d6 3. d4 cxd4 4. Nxd4 Nf6 5. Nc3 a6 6. Be3 e5 7. Nb3 Be6 8. f3 h5 9. Be2 Nbd7 10. 0-0 Rc8 11. f4 exf4 12. Bxf4 Ne5 13. Kh1 Qb6 14. a4 Nfg4 15. Qd4 Qxd4 16. Nxd4 Be7 17. Rad1 Nc4 18. Nxe6 fxe6 19. Bxc4 Rxc4 20. Rf3 Rf8 21. Bg3 Rxf3 22. gxf3 Ne3 23. Rd3 Nxc2 24. Bxd6 Ne1 25. Rd1 Nxf3 26. Kg2 Ng5 27. e5 Nf7 28. Kf3 Bxd6 29. exd6 Kd7 30. Ne4 Rc6 31. Rg1 g5 32. Nxg5 Nxd6 33. Nh7 Rc2 34. h3 Rc4 35. Nf6+ Kc6 36. Nxh5 Rh4 37. Rc1+ Kb6 38. Nf4 e5 39. Nd5+ Ka5 40. Kg3 Nf5+ 41. Kg2 Kxa4 42. Rc7 b5 43. Rc6 a5 44. Rc5 Nd4 45. Nc3+ Kb3 46. Rxe5 b4 47. Rxa5 bxc3 48. bxc3 Kxc3 49. Rg5 Kd3 1/2-1/2

[Event "Ekaterinburg Rapid op"]
[Site "Ekaterinburg"]
[Date "2023.08.11"]
[Round "4"]
[White "Rogoznikov, Andrey"]
[Black "Dovbnia, Nikita"]
[Result "1/2-1/2"]
[WhiteElo "2258"]
[BlackElo "2080"]
[PlyCount "67"]
[EventDate "2023.08.11"]
[EventType "swiss (rapid)"]
[EventRounds "11"]
[EventCountry "RUS"]
[SourceTitle "CBM 215 Extra"]
[Source "ChessBase"]
[SourceDate "2023.09.30"]
[SourceVersion "1"]
[SourceVersionDate "2023.09.30"]
[SourceQuality "1"]

1. d4 Nf6 2. Nf3 e6 3. c4 Bb4+ 4. Nbd2 b6 5. a3 Bxd2+ 6. Bxd2 Bb7 7. e3 0-0 8. Be2 Ne4 9. 0-0 d6 10. Be1 Nd7 11. b4 Qe7 12. a4 c5 13. a5 Rab8 14. axb6 axb6 15. Ra7 Ndf6 16. bxc5 dxc5 17. Qb3 Qc7 18. Nd2 Nd6 19. f3 Ra8 20. Rxa8 Rxa8 21. Bg3 Nh5 22. Bf2 cxd4 23. exd4 Nf4 24. Bd1 Ba6 25. Be3 Nf5 26. g3 Nxe3 27. Qxe3 Ng6 28. Be2 Ne7 29. Ra1 Bb7 30. Rxa8+ Bxa8 31. Qa3 Bb7 32. Kf2 h6 33. Bd3 Qd8 34. Ke1 1/2-1/2

[Event "Titled Tuesday intern op 02nd May Late"]
[Site "Chess.com INT"]
[Date "2023.05.02"]
[Round "1"]
[White "Dovbnia, Nikita"]
[Black "Bayo Milagro, Alvaro"]
[Result "0-1"]
[WhiteElo "2108"]
[BlackElo "2287"]
[PlyCount "56"]
[EventDate "2023.05.02"]
[EventType "swiss (blitz)"]
[EventRounds "11"]
[EventCountry "USA"]
[SourceTitle "EXT 2024"]
[Source "ChessBase"]
[SourceDate "2023.10.10"]
[SourceVersion "1"]
[SourceVersionDate "2023.10.10"]
[SourceQuality "1"]

1. Nf3 Nf6 2. b3 d5 3. Bb2 e6 4. e3 Be7 5. c4 0-0 6. Nc3 b6 7. cxd5 exd5 8. Rc1 a6 9. Ne2 c5 10. Ng3 Nc6 11. Bd3 d4 12. 0-0 Be6 13. Re1 Qd7 14. exd4 Nxd4 15. Bxd4 cxd4 16. Ne4 Nxe4 17. Bxe4 Rac8 18. Qe2 b5 19. Qd3 f5 20. Ne5 fxe4 21. Nxd7 exd3 22. Nxf8 Kxf8 23. Rxc8+ Bxc8 24. Re4 Bf6 25. f3 Bf5 26. Rf4 Bg6 27. g4 Ke7 28. h4 Be5 0-1

[Event "Titled Tuesday intern op 02nd May Late"]
[Site "Chess.com INT"]
[Date "2023.05.02"]
[Round "3"]
[White "Rengifo Blancas, Renzo Jhonathan"]
[Black "Dovbnia, Nikita"]
[Result "1-0"]
[WhiteElo "2131"]
[BlackElo "2108"]
[PlyCount "45"]
[EventDate "2023.05.02"]
[EventType "swiss (blitz)"]
[EventRounds "11"]
[EventCountry "USA"]
[SourceTitle "EXT 2024"]
[Source "ChessBase"]
[SourceDate "2023.10.10"]
[SourceVersion "1"]
[SourceVersionDate "2023.10.10"]
[SourceQuality "1"]

1. e4 c6 2. d4 d5 3. Nc3 dxe4 4. Nxe4 Nf6 5. Nxf6+ exf6 6. c3 Bd6 7. Bd3 0-0 8. Nf3 h5 9. Be3 Bg4 10. Qc2 Nd7 11. 0-0-0 Re8 12. h3 Be6 13. Rdg1 Nf8 14. g4 hxg4 15. hxg4 g6 16. Nh4 Kg7 17. Nf5+ Bxf5 18. gxf5 Qc7 19. fxg6 fxg6 20. Bxg6 Nxg6 21. Qxg6+ Kf8 22. Qxf6+ Qf7 23. Rh8# 1-0

[Event "Cheliabinsk Lozovatsky Memorial-A"]
[Site "Cheliabinsk"]
[Date "2023.02.02"]
[Round "7"]
[White "Malyshev, Evgeny2222"]
[Black "Dovbnia, Nikita"]
[Result "1/2-1/2"]
[WhiteElo "2111"]
[BlackElo "2220"]
[PlyCount "25"]
[EventDate "2023.01.27"]
[EventType "swiss"]
[EventRounds "10"]
[EventCountry "RUS"]
[SourceTitle "CBM 212 Extra"]
[Source "ChessBase"]
[SourceDate "2023.03.31"]
[SourceVersion "1"]
[SourceVersionDate "2023.03.31"]
[SourceQuality "1"]

1. d4 Nf6 2. Bg5 d5 3. Nd2 Nbd7 4. Ngf3 h6 5. Bh4 e6 6. e3 Be7 7. Bd3 c5 8. c3 b6 9. Ne5 Nxe5 10. dxe5 Nd7 11. Bg3 h5 12. h4 Bb7 13. f4 1/2-1/2

[Event "Cheliabinsk Lozovatsky Memorial-A"]
[Site "Cheliabinsk"]
[Date "2023.02.01"]
[Round "6"]
[White "Dovbnia, Nikita"]
[Black "Amirdzhanyan, Vladimir"]
[Result "0-1"]
[WhiteElo "2220"]
[BlackElo "2118"]
[PlyCount "108"]
[EventDate "2023.01.27"]
[EventType "swiss"]
[EventRounds "10"]
[EventCountry "RUS"]
[SourceTitle "CBM 212 Extra"]
[Source "ChessBase"]
[SourceDate "2023.03.31"]
[SourceVersion "1"]
[SourceVersionDate "2023.03.31"]
[SourceQuality "1"]

1. Nf3 d5 2. b3 Nf6 3. Bb2 c5 4. e3 Nc6 5. Bb5 Bd7 6. 0-0 Qc7 7. Bxc6 Bxc6 8. Ne5 g6 9. d3 Bg7 10. Nxc6 Ng4 11. Qxg4 Bxb2 12. Nxe7 Qxe7 13. Qa4+ Kf8 14. Nd2 Bxa1 15. Rxa1 Qf6 16. d4 cxd4 17. Qxd4 Qxd4 18. exd4 b5 19. c3 Kg7 20. Kf1 Rac8 21. Rc1 Rhe8 22. Rc2 Re6 23. a3 Rce8 24. Nf3 Ra6 25. Ra2 Rc8 26. Re2 Rxc3 27. Re7 Rc1+ 28. Ke2 Re6+ 29. Rxe6 fxe6 30. Kd3 a5 31. Nd2 a4 32. bxa4 bxa4 33. h3 Ra1 34. Nf3 Rxa3+ 35. Kc2 Ra2+ 36. Kc3 Rxf2 37. Kb4 Rxg2 38. Kxa4 Rg3 39. Ne5 Rxh3 40. Kb5 Rc3 41. Nd7 Rc4 42. Nc5 Kf7 43. Kc6 Rxd4 44. Kd6 Re4 45. Nxe4 dxe4 46. Kc7 e3 47. Kd7 e2 48. Kc7 e1Q 49. Kd7 Qa5 50. Kc8 Ke7 51. Kb7 Kd7 52. Kb8 Qb5+ 53. Ka8 Kc7 54. Ka7 Qb7# 0-1

[Event "Cheliabinsk Lozovatsky Memorial-A"]
[Site "Cheliabinsk"]
[Date "2023.01.31"]
[Round "5"]
[White "Lupolov, Boris"]
[Black "Dovbnia, Nikita"]
[Result "1/2-1/2"]
[WhiteElo "2055"]
[BlackElo "2220"]
[PlyCount "48"]
[EventDate "2023.01.27"]
[EventType "swiss"]
[EventRounds "10"]
[EventCountry "RUS"]
[SourceTitle "CBM 212 Extra"]
[Source "ChessBase"]
[SourceDate "2023.03.31"]
[SourceVersion "1"]
[SourceVersionDate "2023.03.31"]
[SourceQuality "1"]

1. e4 e5 2. Nf3 Nf6 3. Nc3 Bb4 4. Nxe5 0-0 5. Nd3 Bxc3 6. dxc3 Nxe4 7. Be2 b6 8. 0-0 Bb7 9. Re1 Re8 10. Bf1 d6 11. f3 Nf6 12. Bg5 Nbd7 13. Qd2 h6 14. Bh4 Rxe1 15. Rxe1 Qf8 16. Nc1 Re8 17. Ne2 a6 18. Nd4 Rxe1 19. Qxe1 g6 20. Qd2 Kg7 21. Bg3 Qe7 22. Bf4 Ng8 23. Ne2 Ne5 24. Ng3 Qe6 1/2-1/2

[Event "Cheliabinsk Lozovatsky Memorial-A"]
[Site "Cheliabinsk"]
[Date "2023.01.29"]
[Round "3"]
[White "Kurchenko, Egor"]
[Black "Dovbnia, Nikita"]
[Result "1/2-1/2"]
[WhiteElo "2123"]
[BlackElo "2220"]
[PlyCount "84"]
[EventDate "2023.01.27"]
[EventType "swiss"]
[EventRounds "10"]
[EventCountry "RUS"]
[SourceTitle "CBM 212 Extra"]
[Source "ChessBase"]
[SourceDate "2023.03.31"]
[SourceVersion "1"]
[SourceVersionDate "2023.03.31"]
[SourceQuality "1"]

1. e4 c5 2. Nf3 d6 3. d4 cxd4 4. Nxd4 Nf6 5. Nc3 a6 6. Be2 e5 7. Nb3 Be7 8. 0-0 0-0 9. Kh1 Be6 10. f4 exf4 11. Bxf4 Nc6 12. Nd4 Ne5 13. Nxe6 fxe6 14. Bxe5 dxe5 15. Qxd8 Rfxd8 16. Bc4 Rd6 17. a4 Rc6 18. Bd3 Kf7 19. Ne2 Rd8 20. Ng1 Bd6 21. Nf3 Ke7 22. Rab1 a5 23. Nd2 Bc7 24. b3 Nd7 25. Rf3 Rf8 26. Rxf8 Kxf8 27. Nc4 Ke7 28. Rf1 Ra6 29. g3 Ra8 30. Kg2 Nb6 31. Kf3 Rf8+ 32. Ke2 Rxf1 33. Kxf1 Nxc4 34. Bxc4 Bb6 35. c3 Bc5 36. Ke2 Kd6 37. g4 h6 38. h4 g5 39. h5 Ke7 40. Kd3 Kd6 41. Bb5 b6 42. Kc4 Bf2 1/2-1/2

[Event "Titled Tuesday intern op 18th Oct Early"]
[Site "Chess.com INT"]
[Date "2022.10.18"]
[Round "1"]
[White "Decuigniere, Tom"]
[Black "Dovbnia, Nikita"]
[Result "1-0"]
[WhiteElo "2323"]
[BlackElo "2258"]
[PlyCount "99"]
[EventDate "2022.10.18"]
[EventType "swiss (blitz)"]
[EventRounds "11"]
[EventCountry "USA"]
[SourceTitle "EXT 2024"]
[Source "ChessBase"]
[SourceDate "2023.10.10"]
[SourceVersion "1"]
[SourceVersionDate "2023.10.10"]
[SourceQuality "1"]

1. c4 c5 2. g3 g6 3. Bg2 Bg7 4. Nc3 e5 5. d3 Ne7 6. e3 d6 7. Nge2 Be6 8. Bxb7 Nbc6 9. Qa4 Bd7 10. Bxa8 Qxa8 11. Nb5 0-0 12. Qd1 Nd4 13. Kd2 Nf3+ 14. Kc2 Nc6 15. a3 d5 16. Nc7 Qb7 17. Nxd5 Ncd4+ 18. exd4 Ba4+ 19. Kb1 Bxd1 20. Rxd1 Nxd4 21. Nxd4 exd4 22. Bf4 Re8 23. Kc2 Qc6 24. Re1 h5 25. b3 Kh8 26. h4 Re6 27. b4 Qe8 28. Kd2 cxb4 29. Nc7 Rxe1 30. Nxe8 Rxa1 31. axb4 Rb1 32. b5 Rb2+ 33. Kc1 Rxf2 34. c5 Rf3 35. Kc2 Rf2+ 36. Kb3 Bf8 37. c6 Re2 38. Nf6 Re6 39. c7 Rxf6 40. c8Q Kg7 41. Be5 Be7 42. Bxf6+ Bxf6 43. Kc4 Be5 44. g4 hxg4 45. Qxg4 f5 46. Qg5 Bf6 47. Qf4 Kf7 48. Kd5 Ke7 49. Qc7+ Kf8 50. Ke6 1-0

[Event "Cheliabinsk Panchenko Memorial op-A"]
[Site "Cheliabinsk"]
[Date "2022.09.16"]
[Round "5"]
[White "Khubukshanov, Erdem"]
[Black "Dovbnia, Nikita"]
[Result "1/2-1/2"]
[WhiteElo "2386"]
[BlackElo "2097"]
[PlyCount "48"]
[EventDate "2022.09.12"]
[EventType "swiss"]
[EventRounds "10"]
[EventCountry "RUS"]
[SourceTitle "CBM 210 Extra"]
[Source "ChessBase"]
[SourceDate "2022.11.30"]
[SourceVersion "1"]
[SourceVersionDate "2022.11.30"]
[SourceQuality "1"]

1. e4 e5 2. Nc3 Nf6 3. d4 exd4 4. Qxd4 Nc6 5. Qd3 Bc5 6. Bf4 d6 7. 0-0-0 Be6 8. f3 0-0 9. a3 a6 10. Nd5 Nxd5 11. exd5 Qf6 12. Ne2 Bf5 13. Qd2 Ne5 14. Nd4 Qg6 15. Be3 Rfe8 16. h3 b5 17. Bf2 Bd7 18. Nb3 Bxf2 19. Qxf2 Qf6 20. Qd2 Qh4 21. Nd4 Ng6 22. Rg1 Qg3 23. Bd3 Nf4 24. Kb1 g6 1/2-1/2